| 000 | nam a22 7a 4500 | ||
|---|---|---|---|
| 999 |
_c129798 _d129798 |
||
| 008 | 190904b xxu||||| |||| 00| 0 eng d | ||
| 050 | _aSPC. DT1.T50 T121 | ||
| 100 |
_aBaramo, Tadele Wolde _948044 |
||
| 245 |
_aThe relevance of the 'Hatata' method and the use of the light of reason in contemporary pluralistic society _cTadele Wolde Baramo |
||
| 260 |
_aHarare _bArrupe Jesuit University _c2019 |
||
| 300 |
_av, 116p. ; _c31cm. |
||
| 500 | _aThesis | ||
| 650 |
_aZara Yaeqob _xHatata method _948045 |
||
| 942 |
_2lcc _cSPC |
||